Quantitative analysis in marketing management / (Record no. 176871)

MARC details
000 -LEADER
fixed length control field 00817nam a2200229 4500
001 - CONTROL NUMBER
control field vtls001556060
003 - CONTROL NUMBER IDENTIFIER
control field MY-SjTCS
005 - DATE AND TIME OF LATEST TRANSACTION
control field 20200226121122.0
008 - FIXED-LENGTH DATA ELEMENTS--GENERAL INFORMATION
fixed length control field 110218 1998 00 eng
020 ## - INTERNATIONAL STANDARD BOOK NUMBER
International Standard Book Number 0471964301
039 #9 - LEVEL OF BIBLIOGRAPHIC CONTROL AND CODING DETAIL [OBSOLETE]
Level of rules in bibliographic description 201910021555
Level of effort used to assign nonsubject heading access points dianafitri
Level of effort used to assign subject headings 201102181402
Level of effort used to assign classification VLOAD
-- 200407271902
-- VLOAD
082 04 - DEWEY DECIMAL CLASSIFICATION NUMBER
Classification number 658.800151
Item number MOU
100 1# - MAIN ENTRY--PERSONAL NAME
Personal name Moutinho, Luiz.
9 (RLIN) 1820
245 10 - TITLE STATEMENT
Title Quantitative analysis in marketing management /
Statement of responsibility, etc. Luiz Moutinho, Mark Goode and Fiona Davies
260 ## - PUBLICATION, DISTRIBUTION, ETC.
Place of publication, distribution, etc. Chichester, U.K. :
Name of publisher, distributor, etc. John Wiley,
Date of publication, distribution, etc. c1998
300 ## - PHYSICAL DESCRIPTION
Extent x, 331 p. ;
Dimensions 23 cm.
650 #0 - SUBJECT ADDED ENTRY--TOPICAL TERM
Topical term or geographic name entry element Marketing
General subdivision Management
-- Mathematical models.
650 #0 - SUBJECT ADDED ENTRY--TOPICAL TERM
Topical term or geographic name entry element Marketing
General subdivision Management
-- Statistical methods.
700 1# - ADDED ENTRY--PERSONAL NAME
Personal name Davies, Fiona.
Relator term (j.a.)
9 (RLIN) 96078
700 1# - ADDED ENTRY--PERSONAL NAME
Personal name Goode, Mark.
Relator term (j.a.)
9 (RLIN) 96079
920 ## - Programme
Programme ADP : 91954, 91955, 91956
Holdings
Withdrawn status Lost status Source of classification or shelving scheme Damaged status Not for loan Home library Current library Date acquired Total Checkouts Barcode Date last seen Date last checked out Copy number Uniform Resource Identifier Koha item type Public note Collection code
Withdrawn   Dewey Decimal Classification     Taylor's Library-TU TU External Storage-LCS 27/07/2004   1000032015 12/12/2019 27/07/2004 1   Main Collection ADTP, 91956 Please fill up online form at https://taylorslibrary.taylors.edu.my/services/external_storage1
Withdrawn   Dewey Decimal Classification     Taylor's Library-TU TU External Storage-LCS 27/07/2004   1000032010 12/12/2019 27/07/2004 1   Main Collection ADTP, 91954 Please fill up online form at https://taylorslibrary.taylors.edu.my/services/external_storage1
    Dewey Decimal Classification     Taylor's Library-TU Taylor's Library-TU 27/07/2004 9 5000019196 12/12/2019 15/05/2016 1 Floor 4, Shelf 26 , Side 2, TierNo 1, BayNo 8 Main Collection SLASx,05000,04,GR